| 000 | 00765nam a2200229 a 4500 | ||
|---|---|---|---|
| 999 |
_c5958 _d5958 |
||
| 001 | 5958 | ||
| 003 | BD-JhCC | ||
| 005 | 20180301095738.0 | ||
| 008 | 171231s1999 bg ||||| |||| 00| 0 ben d | ||
| 035 | _a(BD-JhCC)5958 | ||
| 040 |
_aBD-JhCC _dBD-JhCC |
||
| 041 | _aben | ||
| 082 |
_a512 _bHAJ 1999 |
||
| 100 | _aহাজরা, এ. কে. | ||
| 245 |
_aমেট্রিক : বীজগণিত, ক্যালকুলাস এবং জেনারালাইজড ইনভার্স (তৃতীয় খন্ড) / _cএ. কে. হাজরা |
||
| 260 |
_aঢাকা : _bবাংলা একাডেমী, _c1999. |
||
| 300 |
_a367 p. : _c23 cm. |
||
| 650 | _aAlgebra | ||
| 650 | _aCalculus | ||
| 942 |
_2ddc _cBK |
||